000 00648nam a2200229Ia 4500
003 OSt
005 20220928143329.0
006 a|||||r|||| 00| 0
007 ta
008 220927b |||||||| |||| 00| 0 eng d
024 _a21610
037 _cAnnuals, Advances
040 _aSDCL
_cSDCL
_beng
041 _2eng
_aeng
082 _aX:78p1,N91, N1
100 _aMaheshwari B L Ed.
_9432775
245 0 _aManagement of change through human resource development.
260 _c1991
700 _a Sinha Dharni P
942 _hX:78p1,N91, N1
_cREF
_2CC
999 _c823641
_d823641